[Event "CHN-ch Gp-B (Women)"]
[Site "Liaocheng"]
[Date "2024.04.24"]
[Round "8"]
[White "Guo, Hanxi"]
[Black "Du, Yuxin"]
[Result "1/2-1/2"]
[WhiteElo "1699"]
[BlackElo "1960"]
[PlyCount "61"]
[EventDate "2024.04.21"]
[EventType "swiss"]
[EventRounds "11"]
[EventCountry "CHN"]
[SourceTitle "CB18_2024"]
[SourceDate "2024.05.01"]
[SourceVersion "1"]
[SourceVersionDate "2024.05.01"]
[SourceQuality "2"]

1. e4 c6 2. d4 d5 3. exd5 cxd5 4. c4 e6 5. Nc3 Nf6 6. Nf3 Be7 7. c5 Ne4 8. Bd3 f5 9. Ne5 0-0 10. f3 Nxc3 11. bxc3 Nd7 12. Nxd7 Bxd7 13. Rb1 b6 14. cxb6 axb6 15. Qb3 Bd6 16. 0-0 Qc7 17. f4 Rfc8 18. Bd2 Ra3 19. Qxb6 Rxa2 20. Qxc7 Rxc7 21. Be1 h6 22. g3 g5 23. fxg5 hxg5 24. Rf2 Rxf2 25. Kxf2 Kf7 26. Bd2 Be7 27. Ke2 Bf6 28. h3 Be8 29. g4 Bd7 30. Rf1 Kg6 31. Rg1 1/2-1/2

[Event "CHN-ch Gp-B (Women)"]
[Site "Liaocheng"]
[Date "2024.04.22"]
[Round "3"]
[White "Du, Yuxin"]
[Black "Lou, Yuxin"]
[Result "1-0"]
[WhiteElo "1960"]
[BlackElo "1706"]
[PlyCount "67"]
[EventDate "2024.04.21"]
[EventType "swiss"]
[EventRounds "11"]
[EventCountry "CHN"]
[SourceTitle "CB18_2024"]
[SourceDate "2024.05.01"]
[SourceVersion "1"]
[SourceVersionDate "2024.05.01"]
[SourceQuality "2"]

1. e4 c5 2. Nf3 Nc6 3. Bb5 g6 4. 0-0 Bg7 5. Bxc6 dxc6 6. h3 b6 7. Nc3 Nf6 8. d3 0-0 9. Bf4 Ba6 10. Re1 Qc8 11. Qe2 e6 12. Qe3 Rd8 13. Bg5 Re8 14. Bxf6 Bxf6 15. e5 Bg7 16. Ne4 Rd8 17. Nf6+ Bxf6 18. exf6 Rd5 19. c4 Rf5 20. g4 Rxf6 21. g5 Rxf3 22. Qxf3 Qd8 23. Qe3 Qd7 24. Rad1 Rd8 25. b3 Bc8 26. Qe5 Qe7 27. Re4 Rd4 28. a3 Qd7 29. Rxd4 cxd4 30. b4 c5 31. bxc5 bxc5 32. Rb1 Bb7 33. Qb8+ Bc8 34. Qa8 1-0

[Event "CHN-ch Gp-B (Women)"]
[Site "Liaocheng"]
[Date "2024.04.22"]
[Round "4"]
[White "Zhou, Shumeng"]
[Black "Du, Yuxin"]
[Result "1-0"]
[WhiteElo "1800"]
[BlackElo "1960"]
[PlyCount "221"]
[EventDate "2024.04.21"]
[EventType "swiss"]
[EventRounds "11"]
[EventCountry "CHN"]
[SourceTitle "CB18_2024"]
[SourceDate "2024.05.01"]
[SourceVersion "1"]
[SourceVersionDate "2024.05.01"]
[SourceQuality "2"]

1. e4 c6 2. d4 d5 3. e5 Bf5 4. h4 h5 5. Bd3 Bxd3 6. Qxd3 e6 7. Nf3 Ne7 8. Bg5 Qb6 9. Nbd2 Nf5 10. 0-0 Nd7 11. c4 dxc4 12. Nxc4 Qa6 13. Qc2 Nb6 14. Ne3 Ne7 15. Rfd1 Ned5 16. a3 Qb5 17. Nd2 a5 18. Ne4 a4 19. Rac1 Qa5 20. Qe2 Qa6 21. Qf3 Qb5 22. Rd2 Qb3 23. Ng3 g6 24. Ne4 Qb5 25. Re2 Qa6 26. Rce1 Be7 27. Nd6+ Bxd6 28. exd6 0-0 29. Nxd5 Nxd5 30. d7 Qb6 31. Qd3 Kh7 32. d8Q Raxd8 33. Bxd8 Qxd8 34. g3 Ne7 35. Qc4 Qa5 36. Re5 Nd5 37. Qc2 Kg7 38. R1e2 Re8 39. Kg2 Qa7 40. Qc5 Qxc5 41. dxc5 Ra8 42. R5e4 Ra5 43. Rc4 Kf6 44. Kf3 Nc7 45. g4 hxg4+ 46. Kxg4 Nd5 47. Rd2 Ke7 48. Rd3 Nf6+ 49. Kg3 Nd7 50. Rdc3 e5 51. Rc2 Ke6 52. R4c3 Nf6 53. Re2 Nd7 54. f4 f6 55. fxe5 fxe5 56. Rec2 Nf6 57. Rc4 Kd5 58. Kf3 Ke6 59. Rb4 e4+ 60. Ke2 Ra7 61. Rcc4 Kd5 62. Rxa4 Rxa4 63. Rxa4 Kxc5 64. Ra7 b5 65. Rg7 Nd5 66. Kd1 Ne3+ 67. Kd2 Nf5 68. Rxg6 Nxh4 69. Rg4 Nf3+ 70. Ke3 Ne5 71. Rg5 Kd6 72. Kxe4 Nc4 73. Rg2 Kc5 74. Kd3 Kb6 75. Kc3 Ne3 76. Rg6 Kc5 77. Rg5+ Kb6 78. b3 Nd5+ 79. Kd4 Nc7 80. Rg6 Nd5 81. b4 Nf4 82. Rh6 Nd5 83. Ke5 Ne3 84. Rh3 Nc4+ 85. Kd4 Nd6 86. Rc3 Nb7 87. Rc1 Nd6 88. Rc5 Nb7 89. Rc3 Nd6 90. Ke5 Nc4+ 91. Ke6 c5 92. Kd5 cxb4 93. axb4 Nb2 94. Rb3 Na4 95. Rh3 Kc7 96. Rh7+ Kb6 97. Kd6 Nb2 98. Kd7 Nd3 99. Rh6+ Kb7 100. Rh4 Kb6 101. Rd4 Nb2 102. Kc8 Nc4 103. Kb8 Kc6 104. Ka7 Na3 105. Ka6 Nc2 106. Rh4 Na3 107. Rh6+ Kd5 108. Rh3 Nc2 109. Kxb5 Nd4+ 110. Ka6 Ne6 111. Rc3 1-0

[Event "Hong Kong op"]
[Site "Hong Kong"]
[Date "2023.12.27"]
[Round "7"]
[White "Du, Yuxin"]
[Black "Gao, Rui"]
[Result "0-1"]
[WhiteElo "1948"]
[BlackElo "2543"]
[PlyCount "66"]
[EventDate "2023.12.24"]
[EventType "swiss"]
[EventRounds "9"]
[EventCountry "HKG"]
[SourceTitle "CB01_2024"]
[SourceDate "2024.01.03"]
[SourceVersion "1"]
[SourceVersionDate "2024.01.03"]
[SourceQuality "1"]

1. e4 c5 2. Nf3 e6 3. g3 Nc6 4. Bg2 Nf6 5. Qe2 e5 6. 0-0 Be7 7. c3 0-0 8. Na3 Re8 9. d3 h6 10. Nc4 Bf8 11. Ne3 d5 12. exd5 Nxd5 13. Nxd5 Qxd5 14. Nh4 Qd6 15. f4 Rd8 16. Be4 Bh3 17. Re1 exf4 18. Bxf4 Qd7 19. Nf3 Re8 20. c4 Rad8 21. Qf2 Bf5 22. Rad1 Qc8 23. Rd2 Nb4 24. Red1 Nxa2 25. Bxf5 Qxf5 26. d4 cxd4 27. Nxd4 Qe4 28. Nf3 Rxd2 29. Nxd2 Qc6 30. Qf3 Qb6+ 31. Kg2 g5 32. c5 Qxc5 33. Nb3 Qc4 0-1

[Event "CHN-chT DivA"]
[Site "Fuling"]
[Date "2023.06.11"]
[Round "6.4"]
[White "Du, Yuxin"]
[Black "Bai, Xue"]
[Result "1-0"]
[WhiteElo "1929"]
[BlackElo "2041"]
[PlyCount "89"]
[EventDate "2023.06.05"]
[EventType "team-tourn"]
[EventRounds "11"]
[EventCountry "CHN"]
[SourceTitle "CBM 214 Extra"]
[Source "ChessBase"]
[SourceDate "2023.07.31"]
[SourceVersion "1"]
[SourceVersionDate "2023.07.31"]
[SourceQuality "1"]
[WhiteTeam "Shandong"]
[BlackTeam "Zhejiang Shaoxing"]
[WhiteTeamCountry "CHN"]
[BlackTeamCountry "CHN"]

1. e4 e5 2. Nf3 Nc6 3. Bb5 a6 4. Ba4 Nf6 5. 0-0 Be7 6. Re1 b5 7. Bb3 d6 8. c3 0-0 9. h3 Bb7 10. d4 Re8 11. Nbd2 Bf8 12. Bc2 g6 13. d5 Nb8 14. b3 c6 15. c4 Nbd7 16. Nf1 Nb6 17. Qe2 Nh5 18. g4 Nf4 19. Bxf4 exf4 20. dxc6 Bxc6 21. Nd4 Bd7 22. Rad1 bxc4 23. bxc4 Qh4 24. Kg2 h5 25. Nf3 Qf6 26. gxh5 gxh5 27. Kh2 Qe6 28. Ng5 Qh6 29. Nf3 Rac8 30. N1d2 Bg7 31. Rg1 Bg4 32. Rb1 Nd5 33. Qd3 Nf6 34. Rb7 Rc5 35. Bd1 Bc8 36. Rb6 Ng4+ 37. Kg2 Ne5 38. Qxd6 Qxd6 39. Rxd6 Nxc4 40. Nxc4 Rxc4 41. Ng5 Rc5 42. Kh1 h4 43. Bb3 Rc7 44. Rg6 Bb7 45. f3 1-0

[Event "CHN-chT (Women)"]
[Site "Hangzhou"]
[Date "2023.05.26"]
[Round "8.3"]
[White "Du, Yuxin"]
[Black "Zhang, Xiao"]
[Result "1/2-1/2"]
[WhiteElo "1915"]
[BlackElo "2108"]
[PlyCount "128"]
[EventDate "2023.05.19"]
[EventType "team-swiss"]
[EventRounds "9"]
[EventCountry "CHN"]
[SourceTitle "CBM 214 Extra"]
[Source "ChessBase"]
[SourceDate "2023.07.31"]
[SourceVersion "1"]
[SourceVersionDate "2023.07.31"]
[SourceQuality "1"]
[WhiteTeam "Hangzhou (W)"]
[BlackTeam "Jiangsu (W)"]
[WhiteTeamCountry "CHN"]
[BlackTeamCountry "CHN"]

1. e4 c6 2. Nf3 d5 3. Nc3 Bg4 4. h3 Bxf3 5. Qxf3 e6 6. d3 Nf6 7. Be2 Be7 8. Qg3 d4 9. Nb1 h5 10. h4 Nbd7 11. Nd2 Qa5 12. 0-0 Ng4 13. Nc4 Qd8 14. Bxg4 hxg4 15. Qxg4 b5 16. Nd2 Bxh4 17. Nf3 Bf6 18. Bf4 e5 19. Bd2 g6 20. a4 b4 21. Bxb4 c5 22. Bd2 Kf8 23. g3 Bg7 24. Ng5 Nf6 25. Qe2 Nh5 26. Kg2 Bh6 27. Nf3 Bxd2 28. Qxd2 Qc8 29. Nxe5 Qe6 30. Qg5 Re8 31. Nc4 Kg7 32. Rh1 f6 33. Qxc5 Nf4+ 34. Kf3 Nh3 35. Kg2 Nf4+ 36. Kf3 Nh3 37. Qd6 Ng5+ 38. Kg2 Qc8 39. Rxh8 Rxh8 40. g4 Qxg4+ 41. Qg3 Qe2 42. Rh1 Rxh1 43. Kxh1 Nf3 44. Kg2 Ne1+ 45. Kh2 g5 46. Nd6 Nf3+ 47. Kg2 Nh4+ 48. Kg1 Qd1+ 49. Kh2 Nf3+ 50. Kg2 Nd2 51. Nf5+ Kg6 52. Ne7+ Kf7 53. Nd5 Kg6 54. Nf4+ Kf7 55. Nd5 Ke6 56. Nc7+ Kf7 57. Nd5 Kg6 58. Ne7+ Kf7 59. Nd5 Ke6 60. Nc7+ Kf7 61. Nd5 Qf1+ 62. Kh2 Qe2 63. Kg2 Qf1+ 64. Kh2 Qe2 1/2-1/2

[Event "CHN-chT (Women)"]
[Site "Hangzhou"]
[Date "2023.05.20"]
[Round "2.3"]
[White "Du, Yuxin"]
[Black "Zhang, Yingying"]
[Result "1-0"]
[WhiteElo "1915"]
[BlackElo "1603"]
[PlyCount "105"]
[EventDate "2023.05.19"]
[EventType "team-swiss"]
[EventRounds "9"]
[EventCountry "CHN"]
[SourceTitle "CBM 214 Extra"]
[Source "ChessBase"]
[SourceDate "2023.07.31"]
[SourceVersion "1"]
[SourceVersionDate "2023.07.31"]
[SourceQuality "1"]
[WhiteTeam "Hangzhou (W)"]
[BlackTeam "Shanghai (W)"]
[WhiteTeamCountry "CHN"]
[BlackTeamCountry "CHN"]

1. e4 c5 2. Nf3 Nc6 3. Bb5 g6 4. 0-0 Bg7 5. Re1 Nf6 6. Nc3 0-0 7. e5 Ng4 8. Bxc6 bxc6 9. h3 Nh6 10. d4 cxd4 11. Nxd4 Qc7 12. Bf4 f5 13. Qd2 Qb6 14. Na4 Qa6 15. b3 Nf7 16. Rad1 e6 17. Nf3 h6 18. h4 Rd8 19. c4 Qb7 20. Qa5 Bf8 21. c5 Qb5 22. Qc3 Ba6 23. g4 fxg4 24. Nd4 Qb7 25. Qg3 Kh7 26. Qxg4 Be7 27. Kh2 Rg8 28. Ne2 h5 29. Qh3 Qb4 30. Qc3 Qb7 31. Qd4 Rad8 32. Bg3 Nh6 33. Nec3 Nf5 34. Qf4 Rdf8 35. Qd2 Rd8 36. Kh3 g5 37. hxg5 Bxg5 38. Qc2 Rg6 39. Ne4 Qb8 40. Rg1 Be7 41. Bf4 Rg4 42. Rxg4 hxg4+ 43. Kg2 Kg7 44. Rh1 Nh4+ 45. Kg3 Ng6 46. Qc3 Be2 47. Bh6+ Kf7 48. Nd6+ Bxd6 49. exd6 Rg8 50. Bg5 e5 51. Qc2 Bf3 52. Qf5+ Ke8 53. Rh7 1-0

[Event "CHN-ch sf (Women)"]
[Site "Hefei"]
[Date "2023.04.27"]
[Round "9"]
[White "Du, Yuxin"]
[Black "Guo, Hanxi"]
[Result "1/2-1/2"]
[WhiteElo "1957"]
[BlackElo "1594"]
[PlyCount "238"]
[EventDate "2023.04.23"]
[EventType "swiss"]
[EventRounds "11"]
[EventCountry "CHN"]
[SourceTitle "CBM 214 Extra"]
[Source "ChessBase"]
[SourceDate "2023.07.31"]
[SourceVersion "1"]
[SourceVersionDate "2023.07.31"]
[SourceQuality "1"]

1. e4 c5 2. Nf3 Nc6 3. Bb5 e6 4. Bxc6 bxc6 5. 0-0 d5 6. e5 Ne7 7. d3 h6 8. c4 Nf5 9. b3 Ba6 10. Nc3 Be7 11. Na4 Nd4 12. Nxd4 cxd4 13. Qg4 g6 14. Qxd4 h5 15. Be3 0-0 16. Qf4 Re8 17. Bc5 Bb7 18. Qe3 a5 19. Rac1 Bxc5 20. Nxc5 Qe7 21. d4 Rec8 22. h3 Kg7 23. Qf4 Ra7 24. Rc3 Rd8 25. Rfc1 Rda8 26. Rf3 Rd8 27. Qe3 Rb8 28. Rf6 Rh8 29. Qg5 Bc8 30. Rc3 Qe8 31. Rcf3 Rc7 32. Qd2 Ra7 33. a3 Rf8 34. Rg3 Rh8 35. a4 Qd8 36. Qc2 Qe8 37. Nd3 Rb7 38. Nf4 Rh6 39. cxd5 cxd5 40. Rc3 Bd7 41. Nd3 Rh8 42. Rc5 Qb8 43. Nc1 Rc8 44. Kh2 Rxc5 45. Qxc5 Rc7 46. Qd6 Rb7 47. Qxb8 Rxb8 48. Rf3 Rc8 49. Nd3 Rc2 50. Nc5 Bc6 51. Kg3 g5 52. Rd3 Kg6 53. Rf3 Kg7 54. h4 g4 55. Rf4 Kg6 56. f3 gxf3 57. Rxf3 Rd2 58. Nd3 Kg7 59. Kh3 Bb7 60. Nc5 Bc8 61. Rd3 Rc2 62. g4 hxg4+ 63. Kxg4 f6 64. exf6+ Kxf6 65. Kf4 Rh2 66. Kg3 Rc2 67. Rf3+ Kg7 68. Re3 Kf6 69. h5 Rc1 70. Nd3 Rh1 71. Nf4 Rd1 72. Rd3 Rg1+ 73. Kf2 Rc1 74. Rh3 Rc2+ 75. Ke1 Rc7 76. Kd2 Kg5 77. Ne2 Rh7 78. Rc3 Bd7 79. Rc5 Rxh5 80. Rxa5 Rh3 81. Ra7 Bc6 82. b4 Be8 83. Nc3 Rh2+ 84. Kc1 Bg6 85. Rc7 Rc2+ 86. Kd1 Rb2 87. b5 Rb4 88. a5 Rxd4+ 89. Kc1 Rb4 90. Rc5 Kf6 91. a6 d4 92. Nd1 Rb1+ 93. Kd2 Ra1 94. Rc7 Ra2+ 95. Ke1 Bd3 96. Rb7 Bxb5 97. Rxb5 Rxa6 98. Nf2 e5 99. Ng4+ Kf5 100. Nf2 Ra3 101. Ke2 Ra2+ 102. Kf3 Ra3+ 103. Kg2 Re3 104. Rd5 Kf4 105. Rd8 Rg3+ 106. Kf1 Ke3 107. Re8 Rg5 108. Nd1+ Kd2 109. Nf2 Rf5 110. Kg2 Ke2 111. Ne4 Ke3 112. Nd6 Rg5+ 113. Kf1 d3 114. Rxe5+ Rxe5 115. Nc4+ Ke4 116. Nxe5 Kxe5 117. Ke1 Ke4 118. Kd2 Kd4 119. Kd1 Ke3 1/2-1/2

[Event "CHN-ch sf (Women)"]
[Site "Hefei"]
[Date "2023.04.27"]
[Round "10"]
[White "Tang, Qingchi"]
[Black "Du, Yuxin"]
[Result "0-1"]
[WhiteElo "1509"]
[BlackElo "1957"]
[PlyCount "132"]
[EventDate "2023.04.23"]
[EventType "swiss"]
[EventRounds "11"]
[EventCountry "CHN"]
[SourceTitle "CBM 214 Extra"]
[Source "ChessBase"]
[SourceDate "2023.07.31"]
[SourceVersion "1"]
[SourceVersionDate "2023.07.31"]
[SourceQuality "1"]

1. d4 Nf6 2. c4 e6 3. Nf3 b6 4. g3 Bb7 5. Bg2 Be7 6. Nc3 Ne4 7. Qc2 Nxc3 8. bxc3 d6 9. e4 Nc6 10. Be3 Na5 11. Nd2 Qd7 12. f4 Ba6 13. Bf1 f5 14. d5 exd5 15. cxd5 Bxf1 16. Kxf1 0-0 17. Kg2 Rae8 18. Rhe1 fxe4 19. Qxe4 Bf6 20. Qd3 Qa4 21. a3 Nb3 22. Qc2 Nc5 23. Ra2 Qxc2 24. Rxc2 Nd3 25. Re2 Re7 26. Kf3 g5 27. f5 h5 28. h3 Rfe8 29. Nf1 Ne5+ 30. Kf2 Nd3+ 31. Kf3 Re5 32. g4 Rxd5 33. Ng3 hxg4+ 34. hxg4 Ne5+ 35. Kg2 Nxg4 36. Nh5 Kf7 37. Nxf6 Nxf6 38. Bd4 Rxe2+ 39. Rxe2 Rxf5 40. Kg3 c5 41. Bxf6 Kxf6 42. Re8 Re5 43. Rd8 Re3+ 44. Kf2 Rxc3 45. Rxd6+ Ke5 46. Rd8 Rxa3 47. Rd2 c4 48. Rc2 b5 49. Rb2 Rb3 50. Rd2 c3 51. Rd8 b4 52. Ke3 c2+ 53. Kd2 Rc3 54. Re8+ Kf4 55. Re1 c1Q+ 56. Rxc1 Rxc1 57. Kxc1 g4 58. Kc2 g3 59. Kb3 a5 60. Ka4 g2 61. Kb3 g1Q 62. Ka4 Qc1 63. Kb3 Qc3+ 64. Ka2 b3+ 65. Ka3 Ke5 66. Ka4 Qb4# 0-1

[Event "CHN-ch sf (Women)"]
[Site "Hefei"]
[Date "2023.04.25"]
[Round "5"]
[White "Du, Yuxin"]
[Black "Wang, Qinxuanyi"]
[Result "0-1"]
[WhiteElo "1957"]
[BlackElo "1867"]
[PlyCount "66"]
[EventDate "2023.04.23"]
[EventType "swiss"]
[EventRounds "11"]
[EventCountry "CHN"]
[SourceTitle "CBM 214 Extra"]
[Source "ChessBase"]
[SourceDate "2023.07.31"]
[SourceVersion "1"]
[SourceVersionDate "2023.07.31"]
[SourceQuality "1"]

1. e4 e6 2. d4 d5 3. exd5 exd5 4. Nf3 Nf6 5. Bd3 Bd6 6. 0-0 0-0 7. h3 Nbd7 8. Nc3 c6 9. Re1 Qc7 10. b3 a5 11. a4 b6 12. Bb2 Bb7 13. Qe2 Rfe8 14. Qf1 Nf8 15. Rxe8 Rxe8 16. Re1 Ne6 17. Bf5 Bc8 18. Nd1 g6 19. Bd3 Nh5 20. Ne3 Nef4 21. Ba6 Bd7 22. c4 Bb4 23. Rd1 Rxe3 24. fxe3 Ng3 25. exf4 Nxf1 26. Rxf1 Qa7 27. Ne5 Be6 28. cxd5 Bxd5 29. Bc4 Bd2 30. Ng4 Qe7 31. Rf2 Bxc4 32. bxc4 Qb4 33. Nf6+ Kg7 0-1

[Event "CHN-ch sf (Women)"]
[Site "Hefei"]
[Date "2023.04.24"]
[Round "3"]
[White "Du, Yuxin"]
[Black "Cao, Youjia"]
[Result "1-0"]
[WhiteElo "1957"]
[BlackElo "1335"]
[PlyCount "93"]
[EventDate "2023.04.23"]
[EventType "swiss"]
[EventRounds "11"]
[EventCountry "CHN"]
[SourceTitle "CBM 214 Extra"]
[Source "ChessBase"]
[SourceDate "2023.07.31"]
[SourceVersion "1"]
[SourceVersionDate "2023.07.31"]
[SourceQuality "1"]

1. e4 c5 2. Nf3 d6 3. c3 Nf6 4. Bd3 Nc6 5. h3 e6 6. 0-0 Qc7 7. Re1 Be7 8. Bc2 d5 9. e5 Nd7 10. d4 c4 11. Ng5 Qd8 12. Qh5 g6 13. Qg4 Kf8 14. h4 Kg7 15. h5 Qg8 16. h6+ Kf8 17. Nd2 Bxg5 18. Qxg5 Ke8 19. Nf3 Qf8 20. b3 cxb3 21. axb3 Qe7 22. Qf4 Qf8 23. Ba3 Qg8 24. Ng5 b5 25. Bd3 a6 26. Bd6 Bb7 27. Re3 Ne7 28. g4 Qf8 29. Rf3 Rc8 30. Bb4 Nb6 31. Nxf7 Rg8 32. Nd6+ Kd7 33. Nxc8 Qxf4 34. Nxb6+ Kc6 35. Rxf4 Kxb6 36. Bxe7 Kc6 37. Rf7 Rh8 38. Bf6 Re8 39. Rxh7 Rg8 40. Re7 Rf8 41. h7 Rxf6 42. exf6 Bc8 43. h8Q Bb7 44. Rxa6+ Bxa6 45. Qa8+ Kb6 46. Qd8+ Kc6 47. Qc7# 1-0

[Event "CHN-ch sf (Women)"]
[Site "Hefei"]
[Date "2023.04.23"]
[Round "2"]
[White "Wu, Shuang1111"]
[Black "Du, Yuxin"]
[Result "1/2-1/2"]
[WhiteElo "1586"]
[BlackElo "1957"]
[PlyCount "50"]
[EventDate "2023.04.23"]
[EventType "swiss"]
[EventRounds "11"]
[EventCountry "CHN"]
[SourceTitle "CBM 214 Extra"]
[Source "ChessBase"]
[SourceDate "2023.07.31"]
[SourceVersion "1"]
[SourceVersionDate "2023.07.31"]
[SourceQuality "1"]

1. e4 c6 2. d4 d5 3. e5 Bf5 4. h4 h5 5. c4 e6 6. Nc3 dxc4 7. Bxc4 Nd7 8. Nf3 Bg4 9. Be2 Nh6 10. Bxh6 Rxh6 11. Ng5 Bxe2 12. Qxe2 Be7 13. f4 Nb6 14. Rd1 Nd5 15. 0-0 g6 16. Nce4 Qc7 17. Qd3 Bf8 18. Qh3 0-0-0 19. a3 Kb8 20. Rc1 Rh8 21. b4 a6 22. Nc5 Bh6 23. Nce4 Bf8 24. Nc5 Bh6 25. Nce4 Bf8 1/2-1/2

[Event "CHN-chT (Women)"]
[Site "Nanjing"]
[Date "2023.02.19"]
[Round "6.3"]
[White "Du, Yuxin"]
[Black "Shao, Qiyu"]
[Result "1/2-1/2"]
[WhiteElo "2007"]
[BlackElo "1544"]
[PlyCount "75"]
[EventDate "2023.02.14"]
[EventType "team-swiss"]
[EventRounds "9"]
[EventCountry "CHN"]
[SourceTitle "CBM 212 Extra"]
[Source "ChessBase"]
[SourceDate "2023.03.31"]
[SourceVersion "1"]
[SourceVersionDate "2023.03.31"]
[SourceQuality "1"]
[WhiteTeam "Hangzhou (W)"]
[BlackTeam "Qingdao (W)"]
[WhiteTeamCountry "CHN"]
[BlackTeamCountry "CHN"]

1. e4 Nc6 2. d4 d5 3. e5 Bf5 4. c3 Qd7 5. Nf3 f6 6. Bb5 e6 7. Nh4 Be4 8. Nd2 a6 9. Bxc6 Qxc6 10. Nxe4 dxe4 11. Qh5+ Kd8 12. exf6 Nxf6 13. Bg5 Be7 14. Bxf6 Bxf6 15. Ng6 Qe8 16. Nf4 e5 17. dxe5 Qxh5 18. Nxh5 Bxe5 19. 0-0-0+ Kc8 20. Rhe1 g6 21. Ng3 Bf4+ 22. Kc2 e3 23. fxe3 Bxg3 24. hxg3 Re8 25. e4 b6 26. Kd3 Kb7 27. Ke3 Re6 28. g4 Rae8 29. Kf3 Rf8+ 30. Kg3 Rfe8 31. Rd4 Re5 32. b4 R8e7 33. Kf4 g5+ 34. Kg3 Kc6 35. a4 Kb7 36. c4 c6 37. Re2 Kc7 38. Re1 1/2-1/2

[Event "CHN-chT"]
[Site "Liaocheng"]
[Date "2021.10.21"]
[Round "2.2"]
[White "Du, Chunhui"]
[Black "Du, Yuxin"]
[Result "1-0"]
[WhiteElo "2409"]
[BlackElo "2014"]
[PlyCount "101"]
[EventDate "2021.10.20"]
[EventType "team-swiss"]
[EventRounds "9"]
[EventCountry "CHN"]
[SourceTitle "CBM 204 Extra"]
[Source "ChessBase"]
[SourceDate "2021.11.30"]
[SourceVersion "1"]
[SourceVersionDate "2021.11.30"]
[SourceQuality "1"]
[WhiteTeam "Heilongjiang"]
[BlackTeam "Shenzhen"]
[WhiteTeamCountry "CHN"]
[BlackTeamCountry "CHN"]

1. e4 c6 2. Nf3 d5 3. Nc3 Bg4 4. h3 Bxf3 5. Qxf3 e6 6. g3 Nf6 7. Bg2 dxe4 8. Nxe4 Nxe4 9. Qxe4 Nd7 10. d4 Nf6 11. Qd3 Bb4+ 12. c3 Bd6 13. 0-0 0-0 14. Re1 Re8 15. c4 Qc7 16. Bg5 Nd7 17. c5 Bf8 18. b4 a6 19. a4 h6 20. Bf4 Qd8 21. b5 axb5 22. axb5 Nxc5 23. Qc4 Rxa1 24. Rxa1 cxb5 25. Qxb5 Qxd4 26. Rc1 Nd7 27. Bf3 Nf6 28. Qxb7 Qb4 29. Qc6 e5 30. Be3 e4 31. Be2 Qd6 32. Qa4 Rd8 33. Bc4 Qd7 34. Qb3 Qxh3 35. Bxf7+ Kh8 36. Be6 Ng4 37. Bxg4 Qxg4 38. Qf7 Ba3 39. Rc7 Rd1+ 40. Kg2 Bd6 41. Rd7 Qf3+ 42. Qxf3 exf3+ 43. Kxf3 Rd5 44. Bf4 Rd3+ 45. Ke4 Bxf4 46. Rxd3 Bc7 47. Kf5 Kh7 48. Rd7 Bb6 49. f4 h5 50. Kg5 Bf2 51. Rd3 1-0

[Event "CHN-chT"]
[Site "Liaocheng"]
[Date "2021.10.20"]
[Round "1.2"]
[White "Du, Yuxin"]
[Black "Lou, Yiping"]
[Result "0-1"]
[WhiteElo "2014"]
[BlackElo "2472"]
[PlyCount "92"]
[EventDate "2021.10.20"]
[EventType "team-swiss"]
[EventRounds "9"]
[EventCountry "CHN"]
[SourceTitle "CBM 204 Extra"]
[Source "ChessBase"]
[SourceDate "2021.11.30"]
[SourceVersion "1"]
[SourceVersionDate "2021.11.30"]
[SourceQuality "1"]
[WhiteTeam "Shenzhen"]
[BlackTeam "Shanghai"]
[WhiteTeamCountry "CHN"]
[BlackTeamCountry "CHN"]

1. e4 c5 2. Nf3 Nc6 3. Bb5 g6 4. Bxc6 dxc6 5. h3 Qc7 6. 0-0 e5 7. d3 Nf6 8. Bg5 Nh5 9. Nc3 Be6 10. Qd2 h6 11. Be3 0-0-0 12. Ne2 f6 13. Qc3 b6 14. a3 a5 15. Rfb1 Kb7 16. Qe1 g5 17. b4 cxb4 18. axb4 axb4 19. d4 Bd6 20. c3 g4 21. hxg4 Bxg4 22. Nh2 Be6 23. dxe5 Bxe5 24. Nf3 Bd6 25. cxb4 Rhg8 26. Ned4 Bh3 27. Nh4 Rxg2+ 28. Nxg2 Rg8 29. Qf1 Rxg2+ 30. Qxg2 Bxg2 31. Kxg2 Be5 32. Rd1 Qc8 33. Rac1 Nf4+ 34. Bxf4 Bxf4 35. Rb1 Qg4+ 36. Kf1 Be5 37. Nf5 Qxe4 38. Ne3 h5 39. Rd7+ Ka6 40. Rb3 Kb5 41. Rdd3 Qh1+ 42. Ke2 h4 43. Nd1 Qg2 44. Nc3+ Kc4 45. Nd1 Qe4+ 46. Ne3+ Kb5 0-1

[Event "FIDE World Uni Rapid-F 1st"]
[Site "Tornelo INT"]
[Date "2021.03.21"]
[Round "8"]
[White "Du, Yuxin"]
[Black "Falsaveta, Ken Nahel"]
[Result "1-0"]
[WhiteElo "2014"]
[BlackElo "1594"]
[PlyCount "141"]
[EventDate "2021.03.20"]
[EventType "swiss (rapid)"]
[EventRounds "12"]
[EventCountry "NET"]
[SourceTitle "EXT 2022"]
[Source "ChessBase"]
[SourceDate "2021.10.06"]
[SourceVersion "1"]
[SourceVersionDate "2021.10.06"]
[SourceQuality "1"]

1. e4 c5 2. Nf3 d6 3. d4 cxd4 4. Qxd4 Nc6 5. Bb5 Bd7 6. Bxc6 bxc6 7. c4 e5 8. Qd3 Nf6 9. Nc3 Be7 10. 0-0 0-0 11. Rd1 Bg4 12. h3 Bh5 13. Bg5 Ne8 14. Bxe7 Qxe7 15. Ne2 Rd8 16. Ng3 Bg6 17. Qe3 Nc7 18. Qxa7 c5 19. Qa3 Ne6 20. Qe3 Rb8 21. b3 Nd4 22. Nxd4 exd4 23. Qf4 Qe5 24. Qxe5 dxe5 25. f3 Rb7 26. Rd2 Ra8 27. Re1 Ra3 28. Ne2 Rba7 29. Nc1 f6 30. Ree2 Bf7 31. g3 Be6 32. Kg2 Kf7 33. f4 Kg8 34. fxe5 fxe5 35. Nd3 Bc8 36. Nxc5 Bb7 37. Nd3 R7a5 38. b4 R5a4 39. Nxe5 Rxb4 40. Rxd4 h6 41. Nd3 Rb1 42. Nc5 Bc6 43. Rd6 Ba4 44. Nxa4 Rxa4 45. Rc2 Rbb4 46. Rc6 Ra3 47. e5 Re3 48. e6 Kf8 49. Rf2+ Ke8 50. c5 Rbe4 51. Rc8+ Ke7 52. Rc7+ Kxe6 53. Rxg7 Rc3 54. Rg6+ Kd5 55. Rxh6 Kxc5 56. Rh5+ Kd6 57. Rg5 Ree3 58. h4 Re6 59. h5 Rc8 60. g4 Ke7 61. Rg7+ Kd6 62. g5 Rc5 63. h6 Rc8 64. h7 Rh8 65. Rd2+ Kc5 66. Rdd7 Re2+ 67. Kg3 Rxa2 68. Rg8 Ra8 69. Rxh8 Rxh8 70. g6 Kc6 71. Rd1 1-0

[Event "FIDE World Uni Rapid-F 1st"]
[Site "Tornelo INT"]
[Date "2021.03.21"]
[Round "7"]
[White "Du, Yuxin"]
[Black "Xiong, Ferdinand"]
[Result "0-1"]
[WhiteElo "2014"]
[BlackElo "2211"]
[PlyCount "102"]
[EventDate "2021.03.20"]
[EventType "swiss (rapid)"]
[EventRounds "12"]
[EventCountry "NET"]
[SourceTitle "EXT 2022"]
[Source "ChessBase"]
[SourceDate "2021.10.06"]
[SourceVersion "1"]
[SourceVersionDate "2021.10.06"]
[SourceQuality "1"]

1. e4 c5 2. Nf3 d6 3. d4 cxd4 4. Nxd4 Nf6 5. Nc3 g6 6. Be3 Bg7 7. f3 0-0 8. Qd2 Nc6 9. 0-0-0 d5 10. exd5 Nxd5 11. Nxc6 bxc6 12. Bd4 Bxd4 13. Qxd4 Qb6 14. Nxd5 cxd5 15. Qxb6 axb6 16. a3 Rd8 17. Bd3 e5 18. Rhe1 f6 19. Bc4 Be6 20. Bb3 Bf7 21. Rd3 Rd6 22. Kb1 Rad8 23. Ka2 Kg7 24. Rc3 g5 25. Rc7 R8d7 26. Rxd7 Rxd7 27. Rd1 h5 28. Kb1 Kg6 29. c3 g4 30. Bc2+ Kg5 31. Rf1 Be6 32. Kc1 f5 33. Ba4 Rd6 34. Re1 e4 35. Bd1 h4 36. Kd2 exf3 37. gxf3 d4 38. cxd4 Rxd4+ 39. Ke3 Rd6 40. f4+ Kf6 41. Bc2 Bc4 42. Rc1 Re6+ 43. Kd4 Ba6 44. Bb3 Re4+ 45. Kd5 Bb7+ 46. Kd6 Rxf4 47. Kc7 Be4 48. Rd1 g3 49. hxg3 hxg3 50. Kxb6 g2 51. Bc4 Bf3 0-1

[Event "FIDE World Uni Rapid-F 1st"]
[Site "Tornelo INT"]
[Date "2021.03.20"]
[Round "4"]
[White "Debankan, Dhara"]
[Black "Du, Yuxin"]
[Result "1-0"]
[WhiteElo "1950"]
[BlackElo "2014"]
[PlyCount "67"]
[EventDate "2021.03.20"]
[EventType "swiss (rapid)"]
[EventRounds "12"]
[EventCountry "NET"]
[SourceTitle "EXT 2022"]
[Source "ChessBase"]
[SourceDate "2021.10.06"]
[SourceVersion "1"]
[SourceVersionDate "2021.10.06"]
[SourceQuality "1"]

1. d4 Nf6 2. Nf3 d5 3. c4 e6 4. g3 Bb4+ 5. Nbd2 0-0 6. Bg2 dxc4 7. Qc2 Bd7 8. Qxc4 Bxd2+ 9. Bxd2 Bc6 10. 0-0 Bd5 11. Qc2 Nc6 12. e3 Be4 13. Qb3 Qd5 14. Qxd5 exd5 15. Rfc1 Rac8 16. a4 Rfe8 17. Ra3 Ne7 18. Rb3 b6 19. Bb4 Nf5 20. Rbc3 a5 21. Ba3 b5 22. axb5 Rb8 23. Rxc7 Rxb5 24. Ne5 Bxg2 25. Kxg2 Nh6 26. Ra7 Ne4 27. Rcc7 Rb3 28. Nxf7 Nf5 29. Ne5 h5 30. h3 Reb8 31. g4 Nh4+ 32. Kg1 Nf3+ 33. Nxf3 hxg4 34. Rxg7+ 1-0